| 000 | 003710000a22001570004500 | ||
|---|---|---|---|
| 003 | LK-CoMWRAF | ||
| 008 | 230817t ||||| |||| 00| 0 eng d | ||
| 040 |
_aLK-CoMWRAF _dLK-CoMWRAF _eLK-CoMWRAF |
||
| 041 | _aeng | ||
| 082 |
_a460 _bSOU |
||
| 245 |
_aSouth Asian Refugee Watch _b |
||
| 260 |
_aBangladesh _bBIISS _c1999 |
||
| 300 | _ap.66 | ||
| 490 | _aVol-1 | ||
| 942 | _cBK | ||
| 999 |
_c3162 _d3162 |
||